000 00819cab a2200241 4500
001 ABS58087
008 090401t1998 xxu||||| |||| 00| 0 eng d
035 _a(Sirsi) u82925
041 _aeng
100 _aNicholson, D.
245 _aCapital gains in Germany
260 _c1998
350 _a0
490 _aEuroProperty
_v6(8) December/January 1998, 8-9(2)
520 _aExamines trends in the Berlin commercial market which finds that with developers moving to the east, overall rents falling, and poor levels of take-up, meaning that 1998 may see a continuing fall in the market.
650 _aBERLIN
650 _aGERMANY
650 _aPROPERTY-COMMERCIAL PROPERTY-OFFICE PROPERTY-OFFICE PROPERTY MARKET
650 _aOFFICE RENTS
690 _aOVERSEAS-EUROPE
942 _n0
948 _c05/01/1998
999 _c52380
_d52380